[Event "Basingstoke Spring Bank op U1825"]
[Site "Basingstoke"]
[Date "2018.05.27"]
[Round "5.11"]
[White "Willmoth, Harrison"]
[Black "Stoyanov, Boris1111"]
[Result "1/2-1/2"]
[WhiteElo "1754"]
[BlackElo "1310"]
[PlyCount "101"]
[EventDate "2018.05.25"]
[EventType "swiss"]
[EventRounds "7"]
[EventCountry "ENG"]
[SourceTitle "EXT 2023"]
[Source "ChessBase"]
[SourceDate "2022.10.05"]
[SourceVersion "1"]
[SourceVersionDate "2022.10.05"]
[SourceQuality "1"]

1. d4 d5 2. Bf4 Nf6 3. Nf3 Bf5 4. e3 e6 5. c3 c5 6. Bb5+ Nbd7 7. 0-0 Be7 8. Ne5 0-0 9. Bd3 Bxd3 10. Qxd3 Nxe5 11. Bxe5 Nd7 12. Bg3 Rc8 13. Nd2 f5 14. f3 Qb6 15. Rab1 Bf6 16. Bf2 cxd4 17. exd4 Qa5 18. a3 Nb6 19. f4 Nc4 20. Nxc4 Rxc4 21. Rfe1 Re8 22. Re2 Qa6 23. Rbe1 Rc6 24. Qxa6 Rxa6 25. Be3 Rc6 26. Bd2 a5 27. g3 g6 28. Kf2 Kf7 29. Ke3 Rb6 30. Bc1 Rb3 31. a4 Rc8 32. Kd2 Rc6 33. Kc2 Rb4 34. Rxe6 Rxb2+ 35. Bxb2 Rxe6 36. Rxe6 Kxe6 37. Kb3 Kd6 38. c4 b6 39. Kc3 Kc6 40. Kd3 Be7 41. Bc3 Bf8 42. Bd2 Be7 43. h3 h5 44. h4 Bf8 45. Be1 Be7 46. Bf2 Bf8 47. Be1 Be7 48. Bf2 Bf8 49. Be1 Be7 50. Bf2 Bf8 51. Be1 1/2-1/2

[Event "BCF-chT4S 1718 (4NCL)"]
[Site "England"]
[Date "2018.05.06"]
[Round "10.132"]
[White "Willmoth, Harrison"]
[Black "Carter, Gavin"]
[Result "1-0"]
[WhiteElo "1703"]
[BlackElo "1605"]
[PlyCount "63"]
[EventDate "2017.11.11"]
[EventType "team-swiss"]
[EventRounds "11"]
[EventCountry "ENG"]
[SourceTitle "EXT 2020"]
[Source "ChessBase"]
[SourceDate "2019.10.17"]
[SourceVersion "1"]
[SourceVersionDate "2019.10.17"]
[SourceQuality "1"]
[WhiteTeam "Barnet Knights II"]
[BlackTeam "Barnet Knights IV"]
[WhiteTeamCountry "ENG"]
[BlackTeamCountry "ENG"]

1. Nf3 b6 2. d4 Bb7 3. Bf4 Nf6 4. e3 e6 5. Bd3 Nc6 6. 0-0 Nd5 7. Bg3 d6 8. a3 f5 9. c4 Nf6 10. d5 Nh5 11. dxc6 Bxc6 12. Nd4 Nxg3 13. Nxc6 Qf6 14. hxg3 Qxb2 15. Nd2 Kd7 16. Nd4 Qc3 17. N2b3 c5 18. Rc1 Qb2 19. Rc2 Qxa3 20. Nb5 Qxb3 21. Qe2 a6 22. Rc3 Qb4 23. Rb1 Qxb1+ 24. Bxb1 axb5 25. cxb5 Be7 26. e4 fxe4 27. Bxe4 Ra1+ 28. Kh2 h5 29. Bc6+ Kd8 30. Qxe6 Ra7 31. Ra3 Rh6 32. Qg8+ 1-0

[Event "BCF-chT4S 1718 (4NCL)"]
[Site "England"]
[Date "2018.01.14"]
[Round "4.205"]
[White "Vallis, Luke"]
[Black "Willmoth, Harrison"]
[Result "1-0"]
[WhiteElo "1545"]
[BlackElo "1703"]
[PlyCount "145"]
[EventDate "2017.11.11"]
[EventType "team-swiss"]
[EventRounds "11"]
[EventCountry "ENG"]
[SourceTitle "EXT 2020"]
[Source "ChessBase"]
[SourceDate "2019.10.17"]
[SourceVersion "1"]
[SourceVersionDate "2019.10.17"]
[SourceQuality "1"]
[WhiteTeam "Camberley Juniors"]
[BlackTeam "Barnet Knights II"]
[WhiteTeamCountry "ENG"]
[BlackTeamCountry "ENG"]

1. c4 e5 2. g3 d6 3. Bg2 f5 4. Nc3 Nf6 5. d3 Be7 6. e4 c6 7. Nge2 0-0 8. 0-0 Be6 9. f4 Qb6+ 10. Kh1 Nfd7 11. b3 Na6 12. d4 fxe4 13. Nxe4 d5 14. cxd5 cxd5 15. N4c3 e4 16. Be3 Nb4 17. Qd2 g6 18. Nxe4 dxe4 19. d5 Bc5 20. Bxc5 Nxc5 21. dxe6 e3 22. Qc3 Rfe8 23. a3 Nc6 24. Qxe3 Nxe6 25. Qxb6 axb6 26. Bd5 Kg7 27. Rfc1 Ned8 28. Ng1 Re3 29. a4 Nf7 30. Rab1 Ncd8 31. Rb2 Ra5 32. Rd2 Rc5 33. Rxc5 bxc5 34. Rc2 b6 35. a5 bxa5 36. Rxc5 Nd6 37. Rxa5 N8b7 38. Ra7 Re7 39. Nf3 Kf6 40. Bxb7 Nxb7 41. b4 Rc7 42. Nd4 Rc1+ 43. Kg2 Nd6 44. Ra6 Ke7 45. Ra7+ Kf6 46. b5 Rc4 47. Nf3 Nxb5 48. Rxh7 Rc2+ 49. Kh3 Kf5 50. Rb7 Nd6 51. Nd4+ Kf6 52. Rb6 Rd2 53. Rxd6+ Ke7 54. Rd5 Kf6 55. Rd6+ Kf7 56. Nf5 Rc2 57. Nh4 Rb2 58. Rxg6 Rc2 59. Rb6 Rd2 60. Nf3 Ra2 61. Kg4 Ra5 62. h4 Rc5 63. h5 Ra5 64. Ne5+ Ke7 65. Nc6+ Kd7 66. Nxa5 Kc7 67. Rc6+ Kd7 68. h6 Ke7 69. h7 Kd7 70. h8Q Ke7 71. Qf6+ Ke8 72. Qg7 Kd8 73. Nb7+ 1-0

[Event "BCF-chT4S 1718 (4NCL)"]
[Site "England"]
[Date "2018.01.13"]
[Round "3.202"]
[White "Willmoth, Harrison"]
[Black "Purdon, Colin"]
[Result "1/2-1/2"]
[WhiteElo "1703"]
[BlackElo "2058"]
[PlyCount "36"]
[EventDate "2017.11.11"]
[EventType "team-swiss"]
[EventRounds "11"]
[EventCountry "ENG"]
[SourceTitle "EXT 2020"]
[Source "ChessBase"]
[SourceDate "2019.10.17"]
[SourceVersion "1"]
[SourceVersionDate "2019.10.17"]
[SourceQuality "1"]
[WhiteTeam "Barnet Knights II"]
[BlackTeam "Crowthorne"]
[WhiteTeamCountry "ENG"]
[BlackTeamCountry "ENG"]

1. e4 c6 2. d3 d5 3. Nd2 e5 4. g3 Nf6 5. Bg2 Bd6 6. Ngf3 0-0 7. 0-0 Qc7 8. c3 Be6 9. Re1 Nbd7 10. h3 h6 11. Qe2 a5 12. d4 dxe4 13. Nxe5 Nxe5 14. dxe5 Bxe5 15. Nxe4 Nxe4 16. Qxe4 Bd6 17. Be3 Rae8 18. Qc2 Rd8 1/2-1/2

[Event "BCF-chT4S 1617 (4NCL)"]
[Site "England"]
[Date "2017.05.01"]
[Round "11.64"]
[White "Willmoth, Harrison"]
[Black "Breed, Greg"]
[Result "1/2-1/2"]
[WhiteElo "1720"]
[BlackElo "1757"]
[PlyCount "57"]
[EventDate "2016.11.26"]
[EventType "team-swiss"]
[EventRounds "11"]
[EventCountry "ENG"]
[SourceTitle "EXT 2019"]
[Source "ChessBase"]
[SourceDate "2018.10.10"]
[SourceVersion "1"]
[SourceVersionDate "2018.10.10"]
[SourceQuality "1"]
[WhiteTeam "Barnet Knights II"]
[BlackTeam "Cambridge University III"]
[WhiteTeamCountry "ENG"]
[BlackTeamCountry "ENG"]

1. e4 c6 2. d3 d5 3. Nd2 e5 4. Ngf3 Bd6 5. Be2 Nf6 6. 0-0 0-0 7. Re1 Nbd7 8. Bf1 Re8 9. c3 dxe4 10. dxe4 Bc7 11. b4 Nf8 12. Qc2 Ng6 13. Nc4 Bg4 14. Be2 h6 15. h3 Be6 16. Be3 b6 17. Bf1 b5 18. Nb2 Bb6 19. Bxb6 Qxb6 20. g3 Rad8 21. Bg2 Rd7 22. Nd3 Rde7 23. Nc5 Bc8 24. Nd2 a5 25. a3 a4 26. c4 Rc7 27. Rac1 Rd8 28. Red1 Qb8 29. Bf1 1/2-1/2

[Event "BCF-chT4S 1617 (4NCL)"]
[Site "England"]
[Date "2017.02.12"]
[Round "6.101"]
[White "Woolgar, Steven G"]
[Black "Willmoth, Harrison"]
[Result "1-0"]
[WhiteElo "1780"]
[BlackElo "1720"]
[PlyCount "59"]
[EventDate "2016.11.26"]
[EventType "team-swiss"]
[EventRounds "11"]
[EventCountry "ENG"]
[SourceTitle "EXT 2019"]
[Source "ChessBase"]
[SourceDate "2018.10.10"]
[SourceVersion "1"]
[SourceVersionDate "2018.10.10"]
[SourceQuality "1"]
[WhiteTeam "Throw in the Tal II"]
[BlackTeam "Barnet Knights II"]
[WhiteTeamCountry "ENG"]
[BlackTeamCountry "ENG"]

1. c4 e5 2. Nc3 d6 3. g3 f5 4. Bg2 Nf6 5. d3 Be7 6. Nf3 0-0 7. Bg5 c6 8. Qd2 Be6 9. b3 Nbd7 10. 0-0 Qe8 11. e4 h6 12. exf5 Bxf5 13. Bxf6 Nxf6 14. Rae1 Qh5 15. Ne4 Nd7 16. Qe3 Bh3 17. Nfd2 Bg4 18. f3 Be6 19. d4 exd4 20. Qxd4 d5 21. g4 Qg6 22. cxd5 Bxd5 23. Kh1 Bh4 24. Re2 b6 25. Nc4 Nf6 26. Ne5 Qe8 27. Nd6 Qd8 28. Nf5 Nh7 29. Nxc6 Bxc6 30. Qxg7# 1-0

[Event "BCF-chT4 1516 (4NCL)"]
[Site "England"]
[Date "2016.04.30"]
[Round "9.218"]
[White "Willmoth, Harrison"]
[Black "Jones, Howard"]
[Result "1-0"]
[WhiteElo "1667"]
[BlackElo "1585"]
[PlyCount "67"]
[EventDate "2015.11.14"]
[EventType "team-swiss"]
[EventRounds "11"]
[EventCountry "ENG"]
[SourceTitle "EXT 2017"]
[Source "ChessBase"]
[SourceDate "2016.10.25"]
[SourceVersion "1"]
[SourceVersionDate "2016.10.25"]
[SourceQuality "1"]
[WhiteTeam "Barnet Knights II"]
[BlackTeam "Throw in the Tal II"]
[WhiteTeamCountry "ENG"]
[BlackTeamCountry "ENG"]

1. e4 d6 2. d4 Nf6 3. Nc3 g6 4. Nf3 Bg7 5. Be3 0-0 6. h3 a6 7. a4 Nc6 8. Be2 e5 9. 0-0 Re8 10. dxe5 dxe5 11. Bd3 Be6 12. Ng5 Qe7 13. Nxe6 Qxe6 14. b3 Rad8 15. Qe2 Nd4 16. Bxd4 Rxd4 17. Bc4 Qd7 18. Rad1 Rxd1 19. Rxd1 Qe7 20. Nd5 Nxd5 21. Rxd5 c6 22. Rd1 Rd8 23. Qf3 Rxd1+ 24. Qxd1 Qc7 25. Qf3 Qd7 26. b4 Kf8 27. Bb3 f6 28. Qe2 Qd4 29. b5 axb5 30. axb5 cxb5 31. Qxb5 b6 32. Qc6 Bh6 33. Qxf6+ Ke8 34. Qh8+ 1-0

[Event "BCF-chT4 1516 (4NCL)"]
[Site "England"]
[Date "2016.02.14"]
[Round "6.217"]
[White "Willmoth, Harrison"]
[Black "Bentham, Sam"]
[Result "0-1"]
[WhiteElo "1667"]
[BlackElo "1646"]
[PlyCount "100"]
[EventDate "2015.11.14"]
[EventType "team-swiss"]
[EventRounds "11"]
[EventCountry "ENG"]
[SourceTitle "EXT 2017"]
[Source "ChessBase"]
[SourceDate "2016.10.25"]
[SourceVersion "1"]
[SourceVersionDate "2016.10.25"]
[SourceQuality "1"]
[WhiteTeam "Barnet Knights II"]
[BlackTeam "Oxford III"]
[WhiteTeamCountry "ENG"]
[BlackTeamCountry "ENG"]

1. e4 c5 2. Nf3 g6 3. d3 Nc6 4. Nbd2 Bg7 5. g3 d6 6. Bg2 e5 7. 0-0 Nge7 8. c3 0-0 9. Nb3 f5 10. Ne1 f4 11. c4 Be6 12. Bd2 Qd7 13. f3 h5 14. Qe2 g5 15. Nc2 Bh3 16. Bxh3 Qxh3 17. Qg2 Qxg2+ 18. Kxg2 Rf7 19. Rf2 Raf8 20. Raf1 Ng6 21. Nc1 g4 22. Ne2 Bh6 23. Bc1 Kh7 24. fxg4 hxg4 25. Nc3 f3+ 26. Kg1 Bxc1 27. Rxc1 Nge7 28. Rcf1 Kg6 29. a3 Nd8 30. Nb5 a6 31. Nc7 Ng8 32. Nd5 Ne6 33. h3 Ng5 34. h4 Nh3+ 35. Kh2 Nxf2 36. Rxf2 Nf6 37. Nde3 b5 38. Nd5 Nxd5 39. exd5 bxc4 40. dxc4 Rb7 41. Na1 Rfb8 42. b3 e4 43. Rc2 e3 44. Kg1 e2 45. Rc1 Re7 46. Re1 Re3 47. Kf2 Rbe8 48. b4 Rxa3 49. bxc5 dxc5 50. Nc2 Rc3 0-1

[Event "BCF-chT4 1516 (4NCL)"]
[Site "England"]
[Date "2016.02.13"]
[Round "5.227"]
[White "Ross, Stuart"]
[Black "Willmoth, Harrison"]
[Result "1-0"]
[WhiteElo "1652"]
[BlackElo "1667"]
[PlyCount "49"]
[EventDate "2015.11.14"]
[EventType "team-swiss"]
[EventRounds "11"]
[EventCountry "ENG"]
[SourceTitle "EXT 2017"]
[Source "ChessBase"]
[SourceDate "2016.10.25"]
[SourceVersion "1"]
[SourceVersionDate "2016.10.25"]
[SourceQuality "1"]
[WhiteTeam "Shropshire III"]
[BlackTeam "Barnet Knights II"]
[WhiteTeamCountry "ENG"]
[BlackTeamCountry "ENG"]

1. e4 d6 2. d4 Nf6 3. Nc3 c6 4. f4 Qa5 5. Bd3 e5 6. Nf3 exd4 7. Nxd4 g6 8. h3 Bg7 9. Be3 Qc7 10. Qd2 Nbd7 11. 0-0-0 0-0 12. f5 b5 13. Bh6 b4 14. Bxg7 Kxg7 15. Na4 d5 16. fxg6 hxg6 17. Qg5 Ne5 18. Nf5+ Bxf5 19. exf5 Nxd3+ 20. Rxd3 Qe5 21. Rf1 Ne4 22. f6+ Qxf6 23. Rxf6 Nxf6 24. Nc5 Rfe8 25. Rd4 1-0

[Event "BCF-chT4 1516 (4NCL)"]
[Site "England"]
[Date "2016.01.17"]
[Round "4.199"]
[White "Willmoth, Harrison"]
[Black "Ignatyev, Alexey"]
[Result "1-0"]
[WhiteElo "1667"]
[BlackElo "1750"]
[PlyCount "164"]
[EventDate "2015.11.14"]
[EventType "team-swiss"]
[EventRounds "11"]
[EventCountry "ENG"]
[SourceTitle "EXT 2017"]
[Source "ChessBase"]
[SourceDate "2016.10.25"]
[SourceVersion "1"]
[SourceVersionDate "2016.10.25"]
[SourceQuality "1"]
[WhiteTeam "Barnet Knights"]
[BlackTeam "Hackney II"]
[WhiteTeamCountry "ENG"]
[BlackTeamCountry "ENG"]

1. e4 c5 2. Nf3 d6 3. Bb5+ Bd7 4. Bxd7+ Nxd7 5. 0-0 Ngf6 6. Re1 g6 7. c3 Bg7 8. d4 cxd4 9. cxd4 0-0 10. Nc3 Qb6 11. Rb1 Rac8 12. Bf4 Rfd8 13. h3 a6 14. Be3 Qc6 15. d5 Qc4 16. Nd2 Qc7 17. f4 Nc5 18. Qe2 Nfd7 19. g4 b5 20. Rec1 b4 21. Na4 Qa5 22. Nxc5 Nxc5 23. Bxc5 Rxc5 24. Rxc5 Qxc5+ 25. Kg2 Qc2 26. a3 b3 27. Qe3 Bxb2 28. Kf1 Bc3 29. Ke2 b2 30. Qd3 Qxd3+ 31. Kxd3 Bg7 32. Nc4 Rc8 33. h4 Rc5 34. a4 h6 35. Nxb2 Rc3+ 36. Kd2 Rb3 37. Kc2 Rb4 38. Nd3 Rxa4 39. Rb8+ Kh7 40. Ra8 Rxe4 41. Rxa6 Rd4 42. Ra7 Rxd5 43. Rxe7 Kg8 44. Re8+ Bf8 45. Rd8 Kg7 46. g5 hxg5 47. hxg5 Rd4 48. Kc3 Ra4 49. Rd7 Re4 50. Kd2 Be7 51. Rb7 f6 52. gxf6+ Kxf6 53. Rb5 Ke6 54. Rb4 Rxb4 55. Nxb4 d5 56. Nd3 Kf5 57. Ke3 Bd6 58. Kd4 Ke6 59. Ke3 Bc7 60. Kf3 d4 61. Ke4 Bb6 62. Ne5 Kd6 63. Nc4+ Kc6 64. Nxb6 Kc5 65. Nd7+ Kc4 66. Ne5+ Kc3 67. Nd3 Kc4 68. Nf2 Kc3 69. Ke5 d3 70. Ke4 d2 71. Ke3 Kc2 72. Ke2 Kc3 73. Ne4+ Kd4 74. Nxd2 Kd5 75. Kf3 Ke6 76. Kg4 Kf6 77. Ne4+ Kf7 78. Kg5 Kg7 79. Nd6 Kh7 80. Ne8 Kh8 81. Kxg6 Kg8 82. Nc7 Kf8 1-0

[Event "BCF-chT4 1516 (4NCL)"]
[Site "England"]
[Date "2016.01.16"]
[Round "3.199"]
[White "Pott, Laurie"]
[Black "Willmoth, Harrison"]
[Result "1/2-1/2"]
[WhiteElo "1704"]
[BlackElo "1667"]
[PlyCount "75"]
[EventDate "2015.11.14"]
[EventType "team-swiss"]
[EventRounds "11"]
[EventCountry "ENG"]
[SourceTitle "EXT 2017"]
[Source "ChessBase"]
[SourceDate "2016.10.25"]
[SourceVersion "1"]
[SourceVersionDate "2016.10.25"]
[SourceQuality "1"]
[WhiteTeam "Iceni II"]
[BlackTeam "Barnet Knights"]
[WhiteTeamCountry "ENG"]
[BlackTeamCountry "ENG"]

1. d4 d6 2. Bf4 Nf6 3. e3 c6 4. Nf3 Bg4 5. Be2 e6 6. Nbd2 Be7 7. h3 Bxf3 8. Nxf3 Qb6 9. Qc1 d5 10. 0-0 0-0 11. a3 a5 12. c3 a4 13. Bd3 Nbd7 14. Qc2 c5 15. Ne5 h6 16. Rab1 c4 17. Nxd7 Nxd7 18. Be2 g5 19. Bh2 f5 20. f4 Nf6 21. g4 Ne4 22. Bf3 Qc6 23. Bxe4 fxe4 24. Qg2 Qe8 25. Rf2 Qg6 26. Rbf1 Kh7 27. f5 exf5 28. Rxf5 Rxf5 29. Rxf5 Qg8 30. Qf2 Rf8 31. Be5 b5 32. Bf6 Bxf6 33. Rxf6 Rxf6 34. Qxf6 Qb8 35. Qf7+ Kh8 36. Kg2 Qa8 37. Qf6+ Kh7 38. Qf7+ 1/2-1/2

[Event "BCF-chT3 1415 (4NCL)"]
[Site "England"]
[Date "2015.05.03"]
[Round "10.33"]
[White "Willmoth, Harrison"]
[Black "Milson, Neil"]
[Result "1-0"]
[WhiteElo "1552"]
[BlackElo "1720"]
[PlyCount "67"]
[EventDate "2015.03.21"]
[EventType "team-swiss"]
[EventRounds "11"]
[EventCountry "ENG"]
[SourceTitle "EXT 2016"]
[Source "ChessBase"]
[SourceDate "2015.10.08"]
[SourceVersion "1"]
[SourceVersionDate "2015.10.08"]
[SourceQuality "1"]
[WhiteTeam "Barnet Knights II"]
[BlackTeam "e2e4.org.uk V"]
[WhiteTeamCountry "ENG"]
[BlackTeamCountry "ENG"]

1. e4 b6 2. d4 Bb7 3. Nc3 e6 4. Bd3 Nf6 5. Qe2 Bb4 6. Bd2 Qe7 7. f4 c6 8. Nf3 h6 9. a3 Bxc3 10. Bxc3 a5 11. Rg1 Na6 12. g4 Nc7 13. Bd2 b5 14. e5 Nfd5 15. f5 b4 16. c4 bxc3 17. bxc3 Ba6 18. c4 Nb6 19. Bxa5 Nxc4 20. Bxc7 d5 21. exd6 Nxd6 22. Bxd6 Qxd6 23. Bxa6 0-0 24. Bd3 exf5 25. Kf2 Rfe8 26. Qc2 f4 27. a4 Re3 28. Rge1 Rae8 29. Rxe3 fxe3+ 30. Kg2 Qf4 31. h3 h5 32. gxh5 Re6 33. a5 g5 34. hxg6 1-0

[Event "BCF-chT3S 1415 (4NCL)"]
[Site "England"]
[Date "2015.01.10"]
[Round "3.249"]
[White "Graham, Cassie M"]
[Black "Willmoth, Harrison"]
[Result "1-0"]
[WhiteElo "1626"]
[BlackElo "1552"]
[PlyCount "47"]
[EventDate "2014.11.15"]
[EventType "team-swiss"]
[EventRounds "6"]
[EventCountry "ENG"]
[SourceTitle "EXT 2016"]
[Source "ChessBase"]
[SourceDate "2015.10.08"]
[SourceVersion "1"]
[SourceVersionDate "2015.10.08"]
[SourceQuality "1"]
[WhiteTeam "Sussex Martlets II"]
[BlackTeam "Barnet Knights II"]
[WhiteTeamCountry "ENG"]
[BlackTeamCountry "ENG"]

1. e4 d6 2. d3 Nf6 3. Nd2 c6 4. Ngf3 Bg4 5. h3 Bxf3 6. Nxf3 e6 7. Be2 Be7 8. 0-0 0-0 9. Be3 d5 10. e5 Nfd7 11. d4 c5 12. c3 Nc6 13. Bd3 c4 14. Bc2 a6 15. Qb1 f5 16. exf6 Nxf6 17. Ng5 Qd7 18. Bxh7+ Kh8 19. Bg6 b5 20. Qe1 a5 21. f3 Rab8 22. Qh4+ Kg8 23. Bh7+ Kh8 24. Bf5+ 1-0

[Event "London Golders Green op U1900 4th"]
[Site "London"]
[Date "2014.08.23"]
[Round "2"]
[White "Hung, Jake"]
[Black "Willmoth, Harrison"]
[Result "1/2-1/2"]
[WhiteElo "1683"]
[BlackElo "1555"]
[PlyCount "34"]
[EventDate "2014.08.23"]
[EventType "swiss"]
[EventRounds "6"]
[EventCountry "ENG"]
[SourceTitle "EXT 2018"]
[Source "ChessBase"]
[SourceDate "2017.10.13"]
[SourceVersion "1"]
[SourceVersionDate "2017.10.13"]
[SourceQuality "1"]

1. c4 d6 2. g3 e5 3. Bg2 f5 4. d3 Nf6 5. Nc3 Be7 6. Nh3 0-0 7. f4 Nc6 8. 0-0 h5 9. Ng5 Kh8 10. Rb1 a5 11. Nd5 Nxd5 12. Bxd5 Bxg5 13. fxg5 Ne7 14. e4 Qe8 15. exf5 Nxd5 16. cxd5 Bxf5 17. h3 Qg6 1/2-1/2

[Event "Hampstead op U2200 03"]
[Site "Hampstead"]
[Date "2013.03.16"]
[Round "3"]
[White "Willmoth, Harrison"]
[Black "Hayward, Alan"]
[Result "0-1"]
[WhiteElo "1602"]
[BlackElo "1934"]
[PlyCount "72"]
[EventDate "2013.03.16"]
[EventType "swiss"]
[EventRounds "5"]
[EventCountry "ENG"]
[SourceTitle "EXT 2014"]
[Source "ChessBase"]
[SourceDate "2013.11.20"]
[SourceVersion "1"]
[SourceVersionDate "2013.11.20"]
[SourceQuality "1"]

1. e4 d5 2. exd5 Nf6 3. Nf3 Nxd5 4. d4 Bg4 5. Be2 e6 6. 0-0 Bd6 7. b3 Nf4 8. Nbd2 Nxe2+ 9. Qxe2 0-0 10. Bb2 Nc6 11. h3 Bh5 12. Kh1 Re8 13. g4 Bg6 14. c4 h5 15. g5 Nb4 16. Rg1 Nd3 17. Bc3 Nf4 18. Qf1 Bd3 19. Qe1 Nxh3 20. Rg2 Nf4 21. Rg1 Ne2 22. Rg2 Nxc3 23. Qe3 Ne2 24. Ne5 Bxe5 25. dxe5 Qd4 26. Qh3 Nf4 27. Qg3 Qxa1+ 28. Rg1 Qd4 29. Nf3 Be4 30. Kh2 Bxf3 31. Qxf3 Qxe5 32. Kh1 Rad8 33. Qxb7 Rd3 34. Rg3 Qe1+ 35. Kh2 Qxf2+ 36. Kh1 Rd1+ 0-1